[Event "POL-chT DMP Ekstraliga 2019"]
[Site "Katowice"]
[Date "2019.09.05"]
[Round "9.20"]
[White "Shevchenko, Kirill"]
[Black "Bartel, Mateusz"]
[Result "0-1"]
[WhiteElo "2556"]
[BlackElo "2612"]
[Annotator "TA"]
[PlyCount "96"]
[EventDate "2019.08.28"]
[EventType "team-tourn"]
[EventCountry "POL"]
[SourceTitle "playchess.com"]
[Source "ChessBase"]
[SourceQuality "1"]

{[%evp 9,96,25,20,0,11,-17,11,-7,0,-15,-2,-8,0,0,0,-28,-28,-41,-10,-16,10,10,10,11,10,8,7,8,14,11,8,22,112,9,15,2,16,5,14,0,0,0,7,0,0,-12,0,-26,0,-15,-16,-21,-32,-43,-45,-139,-131,-233,-214,-245,-245,-237,-242,-239,-245,-244,-232,-233,-238,-235,-189,-210,-213,-518,-517,-510,-504,-691,-689,-662,-601,-1830,-1798,-2095,-2005,-29967,-29970,-29988,-1580]} 1. d4 d5 2. c4 c6 3. Nc3 dxc4 4. e3 b5 5. a4 b4 6. Nb1 {D10: Slav Defence: 3 cxd5 (without early Nf3) and 3 Nc3} (6. Ne4 Qd5 7. Nd2 c3 8. bxc3 bxc3 9. Nb1 Qa5 10. Qc2 Na6 11. Qxc3 Qxc3+ 12. Nxc3 Nb4 13. Rb1 a5 {1-0 (79) Wojtaszek,R (2750)-Bartel,M (2604) Warsaw 2018}) 6... Ba6 7. Qc2 e6 8. Nf3 {The position is equal.} Qa5 {Threatens to win with ...b3+.} 9. Bd2 (9. Bxc4 $2 b3+ 10. Qd2 Bb4 $19) 9... Nf6 10. Bxc4 Bxc4 11. Qxc4 Qd5 $146 ({Predecessor:} 11... Qa6 12. Qxa6 Nxa6 13. Ke2 c5 14. Rc1 Nd7 15. Be1 Be7 16. Nbd2 O-O 17. Rc2 Rfb8 {½-½ (17) Ruderfer,M (2339)-Rabinovich,A (2442) Israel 2002}) 12. Qxd5 cxd5 13. Ne5 Nfd7 {Threatening ...Nxe5.} 14. Nd3 $1 Na6 15. Ke2 Rc8 16. Rc1 Rxc1 17. Bxc1 Bd6 18. Nd2 Ke7 (18... Bxh2 $6 19. g3 $16) 19. Nb3 Rc8 20. Bd2 Nb6 (20... Kd8 $11 {remains equal.}) 21. h3 (21. Nbc5 $16 Bxc5 22. Nxc5 Nxc5 23. Bxb4 {[%mdl 64] Pin} (23. dxc5 Nc4 $11)) 21... Kd7 22. f3 f6 23. e4 Nc4 24. Rb1 dxe4 25. fxe4 f5 26. exf5 exf5 27. Bf4 Re8+ 28. Kf2 Re4 29. Bxd6 Kxd6 30. Rc1 Kd5 31. g3 g5 32. h4 (32. Rc2 $15) 32... Re3 $17 ({Stronger than} 32... gxh4 33. Nf4+ Rxf4+ 34. gxf4 $11) 33. Nbc5 (33. Na5 $17 Rxd3 34. Nxc4) 33... Nxc5 $19 ({But not} 33... Kxd4 34. Nxa6 Rxd3 35. Nxb4 $17) 34. Nxb4+ Kxd4 35. Nc6+ (35. Nc2+ Ke4) 35... Kd5 36. Nb4+ Kd6 {[#] Hoping for ...Ne4+.} 37. Rxc4 {[%mdl 4096] Endgame KRN-KRN} Rb3 {Strongly threatening ...Rxb4!} 38. Rd4+ Ke6 {aiming for ...Rxb4!} 39. Nc6 Rxb2+ 40. Kg1 g4 41. Rf4 $2 (41. a5 {is a better chance.}) 41... Ne4 42. Nd4+ Ke5 43. Nc6+ Kf6 44. Nxa7 Nxg3 {( -> ...Ne2+)} 45. Rc4 Ne2+ 46. Kf1 f4 47. Nc6 g3 48. Nd4 {[#]} g2+ $1 {[%mdl 512] Accuracy: White = 26%, Black = 48%.} 0-1

[Event "POL-chT DMP Ekstraliga 2019"]
[Site "Katowice"]
[Date "2019.09.05"]
[Round "9.21"]
[White "Mastrovasilis, Dimitrios"]
[Black "Kriebel, Tadeas"]
[Result "1/2-1/2"]
[WhiteElo "2594"]
[BlackElo "2531"]
[Annotator "ChessBase"]
[PlyCount "54"]
[EventDate "2019.08.28"]
[EventType "team-tourn"]
[EventCountry "POL"]
[SourceTitle "playchess.com"]
[Source "ChessBase"]
[SourceQuality "1"]
[TimeControl "40/5400+30:1800+30"]

1. e4 {[%emt 0:00:00]} c5 {[%emt 0:00:00]} 2. Nf3 {[%emt 0:00:00]} Nc6 {[%emt 0:00:00]} 3. d4 {[%emt 0:00:14]} cxd4 {[%emt 0:00:00]} 4. Nxd4 {[%emt 0:00:09]} e5 {[%emt 0:00:41]} 5. Nb5 {[%emt 0:00:20]} a6 {[%emt 0:00:19]} 6. Nd6+ {[%emt 0:00:31]} Bxd6 {[%emt 0:00:06]} 7. Qxd6 {[%emt 0:00:10]} Qe7 {[%emt 0:00:06]} 8. Qxe7+ {[%emt 0:06:04]} Ngxe7 {[%emt 0:00:05]} 9. Nc3 {[%emt 0:02:13]} d5 {[%emt 0:00:12]} 10. exd5 {[%emt 0:02:08]} Nd4 {[%emt 0:02:50]} 11. Bd3 {[%emt 0:02:01]} Bf5 {[%emt 0:00:03]} 12. O-O {[%emt 0:24:10]} Bxd3 {[%emt 0:04:25]} 13. cxd3 {[%emt 0:00:10]} Nc2 {[%emt 0:00:24]} 14. Rb1 {[%emt 0:00:28]} Rd8 {[%emt 0:00:05]} 15. f4 {[%emt 0:05:37]} Nxd5 {[%emt 0:11:33]} 16. fxe5 {[%emt 0:01:27]} O-O {[%emt 0:00:57]} 17. Bg5 {[%emt 0:11:04]} Nxc3 {[%emt 0:00:10]} 18. bxc3 {[%emt 0:01:12]} Rxd3 {[%emt 0:00:02]} 19. Rxb7 {[%emt 0:01:28]} Rxc3 {[%emt 0:00:09]} 20. Be7 {[%emt 0:03:27]} Re8 {[%emt 0:00:23]} 21. Bd6 {[%emt 0:05:40]} Ne3 {[%emt 0:00:36]} 22. Rf3 {[%emt 0:02:13]} f6 {[%emt 0:02:15]} 23. h3 {[%emt 0:05:43]} Rc1+ {[%emt 0:01:53]} 24. Kf2 {[%emt 0:00:31]} Nc4 {[%emt 0:00:08]} 25. exf6 {[%emt 0:03:27]} Nxd6 {[%emt 0:00:08]} 26. f7+ {[%emt 0:00:09]} Nxf7 {[%emt 0:00:04]} 27. Rfxf7 {[%emt 0:01:05]} Rf8 {[%emt 0:00:16]} 1/2-1/2

[Event "POL-chT DMP Ekstraliga 2019"]
[Site "Katowice"]
[Date "2019.09.05"]
[Round "9.22"]
[White "Simacek, Pavel"]
[Black "Gumularz, Szymon"]
[Result "1/2-1/2"]
[WhiteElo "2479"]
[BlackElo "2498"]
[Annotator "TA"]
[PlyCount "105"]
[EventDate "2019.08.28"]
[EventType "team-tourn"]
[EventCountry "POL"]
[SourceTitle "playchess.com"]
[Source "ChessBase"]
[SourceQuality "1"]

{[%evp 16,105,0,0,0,0,3,2,3,-9,-5,-9,0,-56,-51,-35,-43,-80,-69,-89,-31,-50,-38,-27,-17,-30,0,-21,0,0,0,0,74,54,212,209,231,229,248,250,254,258,296,279,520,499,482,190,511,203,202,177,177,167,220,102,82,0,0,0,0,0,0,0,0,0,0,0,0,0,0,0,15,15,15,15,15,0,0,0,0,0,0,0,0,0,0,0,0,0,0,0]} 1. d4 Nf6 2. Nf3 e6 3. c4 d5 4. g3 Bb4+ 5. Bd2 Be7 6. Bg2 O-O 7. Qc2 Nbd7 8. O-O c6 9. Bf4 b6 {E11: Bogo-Indian} 10. Nbd2 (10. Rd1 Ba6 11. cxd5 cxd5 12. Ne5 Nxe5 13. dxe5 Ng4 14. h3 g5 15. Bxg5 Nxe5 16. Bxe7 Qxe7 17. e4 dxe4 18. Qxe4 {½-½ (32) Yu,Y (2751)-Ding,L (2809) Shenzhen 2019}) 10... Nh5 11. cxd5 Nxf4 12. gxf4 cxd5 13. Rfc1 a5 14. f5 $146 (14. e3 $11) ({Predecessor:} 14. e3 Ba6 15. Bf1 Rc8 16. Qd1 Bb7 17. Rxc8 Qxc8 {½-½ (40) Srebrnic,V (2214)-Sakelsek,T (2390) Sentjur 2008}) 14... Ba6 15. fxe6 fxe6 16. Bh3 Rf6 17. Nf1 Rc8 (17... Bd6 $17) 18. Qd2 Bd6 19. Rxc8 Qxc8 20. Ng3 Nf8 21. Ne5 Rh6 22. Bg4 Qd8 23. Rc1 Qh4 (23... Nd7 $11 {keeps the balance.}) 24. h3 $16 Bxe5 $2 (24... Bb7 $14) 25. dxe5 $18 Rg6 {Black wants to play ...h5.} 26. Qf4 {Strongly threatening Bxe6+!} Qe7 27. Rc6 Nd7 28. Kh2 h6 29. Rd6 Kh8 $2 (29... Bc8 30. Qc1 Qf8) 30. Bh5 Rg5 {[#]} 31. h4 $2 (31. Qf7 $1 {[%mdl 512]} Qxf7 32. Bxf7 Nxe5 33. Bxe6) 31... Nxe5 $2 (31... Rxh5 {is tougher.} 32. Nxh5 Bxe2) 32. Rxb6 $2 (32. hxg5 Qxd6 33. gxh6) 32... Rxh5 33. Nxh5 Bxe2 {With the idea ...Nd7.} 34. Qxe5 Qxh4+ {[#]} (34... Bxh5 {keeps fighting.} 35. Kg3 (35. Rxe6 Qxh4+ {[%mdl 64] Double Attack} 36. Kg2 Qg4+ 37. Kh2 Qh4+ {[%mdl 64] Double Attack} 38. Kg1 Qg4+ 39. Kh2 Qh4+ $11 {[%mdl 64] Double Attack}) 35... Qf7) 35. Kg1 (35. Kg2 $1 $18 {[%csl Gh5][%cal Re5g7] and the rest is easy.} Bxh5 36. f3 (36. Rxe6 Qg4+ 37. Kh2 Qh4+ {[%mdl 64] Double Attack} 38. Kg2 Qg4+ 39. Kh2 Qh4+ {[%mdl 64] Double Attack} 40. Kg1 Qg4+ 41. Kh2 $11) (36. Qxe6 Qg5+ 37. Kh3 Qf4 $14)) 35... Bxh5 $16 36. Qxe6 {[%mdl 4096] Endgame KQR-KQB} (36. Rb8+ $16 Kh7 37. Qxe6) 36... Qg5+ $11 {The position is equal.} 37. Kf1 Qc1+ $1 38. Kg2 {Rb8+ would kill now.} Qg5+ 39. Kf1 {Black must now prevent Rb8+.} Qc1+ $1 40. Kg2 {Threatening mate with Rb8+.} Qg5+ 41. Kh3 Qf4 $1 {[%cal Rf4f3] ...Qf3+ is the strong threat.} 42. Qe3 Qg4+ 43. Kh2 Bg6 44. Qg3 Qh5+ 45. Kg2 Kh7 46. Rb7 d4 47. Rd7 d3 48. Qf4 Bf5 49. Rd8 Qg6+ 50. Kh2 Qh5+ (50... Be4 $5 51. f3 $8 Qh5+ 52. Kg3 Bg6 $11) 51. Kg2 Qg6+ 52. Kh2 Qh5+ (52... Be4 $5 53. f3 $8 Qh5+ 54. Kg3 Bg6 $11) 53. Kg2 {Accuracy: White = 51%, Black = 46%.} 1/2-1/2

[Event "POL-chT DMP Ekstraliga 2019"]
[Site "Katowice"]
[Date "2019.09.05"]
[Round "9.23"]
[White "Wieczorek, Oskar"]
[Black "Bobras, Piotr"]
[Result "1/2-1/2"]
[WhiteElo "2497"]
[BlackElo "2488"]
[Annotator "TA"]
[PlyCount "44"]
[EventDate "2019.08.28"]
[EventType "team-tourn"]
[EventCountry "POL"]
[SourceTitle "playchess.com"]
[Source "ChessBase"]
[SourceQuality "1"]

{[%evp 27,29,0,0,-21]} 1. e4 e5 2. Nf3 Nc6 3. Bb5 a6 4. Ba4 Nf6 5. O-O Nxe4 6. d4 b5 7. Bb3 d5 8. dxe5 Be6 9. Nbd2 Be7 10. c3 O-O 11. Re1 Nc5 12. Bc2 d4 13. cxd4 Nxd4 14. Nxd4 Qxd4 15. Qe2 {[#] C83: Open Ruy Lopez: 9 c3 Be7} {Predecessor:} Rad8 $146 16. Nf3 Qc4 17. Be3 Qxe2 18. Rxe2 Bc4 19. Rd2 Ne6 20. Bb3 Bxb3 21. axb3 Bb4 22. Rxd8 Rxd8 {½-½ (43) Georgiev,K (2660)-Piket,J (2590) Biel 1993} 1/2-1/2

[Event "POL-chT DMP Ekstraliga 2019"]
[Site "Katowice"]
[Date "2019.09.05"]
[Round "9.24"]
[White "Kiolbasa, Oliwia"]
[Black "Zawadzka, Jolanta"]
[Result "1/2-1/2"]
[WhiteElo "2244"]
[BlackElo "2407"]
[Annotator "TA"]
[PlyCount "83"]
[EventDate "2019.08.28"]
[EventType "team-tourn"]
[EventCountry "POL"]
[SourceTitle "playchess.com"]
[Source "ChessBase"]
[SourceQuality "1"]

{[%evp 24,83,5,8,10,4,9,0,47,2,47,39,37,0,0,0,0,0,0,0,0,0,0,0,4,0,7,10,12,0,9,0,41,28,29,31,28,25,18,12,42,31,34,47,37,4,11,0,0,0,0,0,0,0,0,0,0,0,0,0,0,0]} 1. e4 c5 2. Nf3 e6 3. d4 cxd4 4. Nxd4 Nc6 5. Nc3 Qc7 6. Be2 a6 7. Be3 b5 8. Nxc6 Qxc6 9. e5 Bb7 10. Bf3 Qc7 11. Bxb7 Qxb7 12. O-O Ne7 13. Qd3 Nf5 {B49: Sicilian: Taimanov: 5 Nc3 Qc7 6 Be3 a6 7 Be2} 14. Ne4 Rc8 15. c3 Be7 16. Rad1 O-O (16... Rc4 17. Nd2 Ra4 18. a3 {½-½ (41) Iordachescu,V (2582)-Potkin,V (2666) Legnica 2013}) 17. Rfe1 $146 ({Predecessor:} 17. Bc1 Rfd8 18. Ng3 {½-½ (36) Hirneise,T (2407)-Swinkels,R (2499) Deizisau 2009}) 17... Rfd8 18. Bg5 {[#] g4 is the strong threat.} d5 19. exd6 Bxg5 20. Nxg5 {Hoping for d7.} Rxd6 21. Qe4 Rxd1 22. Rxd1 Qe7 23. Nf3 h6 24. g3 Rd8 25. Rxd8+ Qxd8 26. Ne5 Qd1+ 27. Kg2 Nd6 (27... Qd2 {with more complications.} 28. Qa8+ Kh7 29. Nxf7 Qxb2 30. Qh8+ Kg6) 28. Qd3 Qxd3 29. Nxd3 $11 {[%mdl 4096] Endgame KN-KN} Kf8 30. Kf3 Ke8 31. b3 Nb7 32. Ke4 Ke7 33. Kd4 Kd6 $1 34. b4 f6 {The position is equal.} 35. c4 e5+ 36. Kc3 bxc4 37. Kxc4 Kc6 38. a4 Nd6+ 39. Kc3 Ne4+ 40. Kc4 Nd6+ 41. Kc3 Ne4+ 42. Kc4 {Accuracy: White = 62%, Black = 73%.} 1/2-1/2

[Event "POL-chT DMP Ekstraliga 2019"]
[Site "Katowice"]
[Date "2019.09.05"]
[Round "9.25"]
[White "Duda, Jan-Krzysztof"]
[Black "Huschenbeth, Niclas"]
[Result "1/2-1/2"]
[WhiteElo "2730"]
[BlackElo "2620"]
[Annotator "TA"]
[PlyCount "180"]
[EventDate "2019.08.28"]
[EventType "team-tourn"]
[EventCountry "POL"]
[SourceTitle "playchess.com"]
[Source "ChessBase"]
[SourceQuality "1"]

{[%evp 14,180,13,6,0,0,2,1,0,0,6,6,22,3,6,6,6,2,0,0,5,13,8,18,27,0,0,0,0,-18,-18,-16,-22,-42,2,-2,10,17,26,29,79,62,67,65,102,102,102,102,102,102,102,102,102,102,102,102,102,93,113,117,116,116,106,114,130,132,128,122,123,126,112,116,169,159,191,178,189,164,199,194,194,164,308,304,302,308,300,299,306,306,300,307,294,294,372,377,656,274,185,255,266,249,806,0,803,802,579,773,781,738,684,611,574,580,535,528,571,708,668,262,254,254,242,124,124,0,0,0,0,0,0,0,0,0,0,0,0,0,0,0,0,0,0,0,0,0,0,0,0,0,0,0,0,0,0,0,0,0,0,0,0,0,0,0,0,0,0,0,0]} 1. Nf3 d5 2. c4 e6 3. g3 Nf6 4. Bg2 dxc4 5. Qa4+ c6 6. Qxc4 b5 7. Qc2 Bb7 8. O-O Nbd7 {A13: English Opening: 1...e6} (8... Be7 9. d3 O-O 10. a4 a6 11. Nc3 Nbd7 12. Rd1 Rc8 13. h3 Qb6 14. e4 c5 15. Be3 Rfd8 16. Rac1 h6 17. axb5 axb5 {1-0 (73) Duda,J (2737)-Karjakin,S (2773) chess.com INT 2018}) 9. Nc3 a6 10. a4 Rc8 11. d3 Be7 12. e4 O-O 13. Rd1 a5 14. h3 b4 15. Nb1 {[%cal Bc3b1,Bb1d2,Bd2b3][%mdl 32]} c5 $146 ({Predecessor:} 15... Ba6 16. Be3 c5 17. Nbd2 Ne8 18. Nc4 Nd6 19. Rac1 Nxc4 20. dxc4 Qc7 {½-½ (20) Anurag,M (2466)-Flear,G (2455) San Sebastian 2017}) 16. Nbd2 Nb8 17. Nb3 Nc6 18. Be3 Nd7 19. Rac1 Nd4 20. Bxd4 cxd4 21. Qb1 Nc5 22. Nxc5 Bxc5 23. Qa2 Bd6 24. Rxc8 Bxc8 25. e5 Bc7 26. Qc4 Bb6 27. Nd2 Bd7 28. Bc6 Qc7 29. Rc1 Bxc6 30. Qxc6 Rc8 31. Qxc7 Rxc7 $16 {[%mdl 4096] Endgame KRB-KRN} 32. Nc4 Rc5 33. Kg2 Bc7 34. Re1 Kf8 35. Kf3 Ke7 36. Ke4 f5+ 37. exf6+ ({Don't play} 37. Kxd4 $6 Rd5+ 38. Ke3 Bxe5 $11) 37... gxf6 38. Kxd4 Rd5+ 39. Ke3 Bb8 40. Ke2 Rc5 41. g4 h5 42. b3 Bf4 (42... Rg5 $16 {keeps fighting.} 43. Rg1 Bc7) 43. Kf3 $18 Bh6 44. d4 Rd5 45. Ne3 hxg4+ 46. hxg4 Bxe3 47. Kxe3 {KR-KR} f5 (47... Rg5 $142) 48. g5 f4+ 49. Kxf4 Rxd4+ 50. Kg3 Kf7 51. Re3 $1 Rd1 52. f4 Rf1 53. Kg4 $1 Rf2 54. Rd3 Rf1 $2 (54... Ke7 55. Re3 Kf7) 55. Rf3 (55. Rd7+ $142 Kg6 56. Ra7) 55... Rg1+ 56. Rg3 Rf1 57. Rh3 Rb1 $2 (57... Rg1+ 58. Kf3 Rb1) 58. Rd3 Rf1 $1 59. Rd7+ Kg6 60. Re7 Rg1+ 61. Kf3 Re1 62. Kf2 Re4 {[#]} 63. Kg3 $1 Re1 {[#]} 64. Kf3 $1 Kh5 65. Ra7 Rb1 66. Rxa5 $2 (66. Ke4 Rxb3 67. Rxa5) 66... Rxb3+ 67. Ke4 Rb1 68. Rb5 (68. Ra8 $18) 68... b3 $16 69. Ke5 (69. Kd3 $16) 69... b2 $11 {The position is equal.} 70. Kf6 {aiming for g6+.} Rf1 71. Rxb2 Rxf4+ 72. Kg7 (72. Kxe6 {seems wilder.} Rxa4 73. Kf5 Ra5+ 74. Kf6 Ra6+ 75. Kf5) 72... Kxg5 73. Ra2 (73. Rb5+ {keeps more tension.} Rf5 74. Rxf5+ exf5 75. a5 f4 76. a6) 73... Rc4 74. Kf7 Rc6 75. Ke7 e5 76. Kd7 Ra6 77. Kc7 e4 78. Kb7 Rh6 79. a5 e3 80. a6 Kf4 81. a7 Rh7+ 82. Kc6 Rxa7 83. Rxa7 {KR-KP} e2 84. Re7 Kf3 85. Kd5 Kf2 86. Rf7+ Kg2 87. Rg7+ Kf2 88. Rf7+ Ke3 89. Re7+ Kd2 90. Rxe2+ Kxe2 {Accuracy: White = 68%, Black = 60%.} 1/2-1/2

[Event "POL-chT DMP Ekstraliga 2019"]
[Site "Katowice"]
[Date "2019.09.05"]
[Round "9.26"]
[White "Hracek, Zbynek"]
[Black "Navara, David"]
[Result "0-1"]
[WhiteElo "2572"]
[BlackElo "2724"]
[Annotator "TA"]
[PlyCount "92"]
[EventDate "2019.08.28"]
[EventType "team-tourn"]
[EventCountry "POL"]
[SourceTitle "playchess.com"]
[Source "ChessBase"]
[SourceQuality "1"]

{[%evp 10,92,0,16,30,31,31,45,43,34,65,10,7,-59,-47,-180,-150,-145,-150,-148,-147,-147,-147,-143,-149,-141,-150,-145,-131,-129,-133,-135,-132,-127,-102,-125,-134,-170,-162,-133,-127,-166,-177,-175,-165,-168,-163,-166,-163,-331,-297,-310,-297,-677,-672,-665,-637,-669,-572,-1152,-1141,-1065,-1087,-1039,-816,-1461,-1042,-1008,-856,-5269,-5081,-4148,-2052,-2635,-1819,-29957,-29956,-29951,-5517,-29960,-29959,-29981,-29982,-29980,-29980]} 1. d4 Nf6 2. c4 e6 3. Nc3 Bb4 4. Qc2 d5 5. a3 Bxc3+ 6. Qxc3 c5 {E36: Nimzo-Indian: Classical: 4...d5 5 a3} (6... O-O 7. Bg5 dxc4 8. Qxc4 b6 9. Rd1 Ba6 10. Qa4 h6 11. Bh4 Qe7 12. Nf3 Rd8 13. e3 Bxf1 14. Rxf1 c5 15. dxc5 Rxd1+ 16. Qxd1 {½-½ (23) Vitiugov,N (2709)-Giri,A (2780) Shenzhen 2018}) 7. dxc5 d4 8. Qg3 Nc6 {White is slightly better.} 9. Nf3 e5 10. e3 $146 (10. b4 $14) ({Predecessor:} 10. b4 e4 11. Nd2 Be6 12. e3 Nh5 13. Qd6 Qh4 14. g3 {0-1 (36) Goryachkina,A (2504)-Moiseenko,A (2648) Skopje 2019}) 10... O-O $11 11. b4 ({White should play} 11. Nxe5 $11 Qa5+ {[%mdl 64] Double Attack} 12. Bd2 (12. b4 $2 Nxb4 {[%mdl 64] Pin} 13. Bd2 {[%mdl 64] Pin} Nc2+ {[%mdl 64] Double Attack} 14. Ke2 Qxc5 $19) 12... Qxd2+ {[%mdl 64] Decoy} 13. Kxd2 Ne4+ {[%mdl 64] Double Attack} 14. Kc2 Nxg3 15. hxg3 Nxe5 16. exd4 Bf5+ 17. Kb3) 11... Re8 $1 $15 {[%mdl 1024] Black has compensation.} 12. Be2 (12. Bb2 $15) 12... d3 $36 {[%mdl 2048] Black has strong initiative.} 13. Bd1 Ne4 14. Qh4 {[#]} d2+ $1 {[%mdl 512]} 15. Bxd2 Nxd2 16. Qxd8 {[%cal Rd8e8]} Nxf3+ 17. Bxf3 {[%cal Rd8e8]} Rxd8 18. Bd5 Be6 19. O-O-O Kf8 20. Kb2 Rac8 21. Kc3 a5 22. Kb3 Ke7 23. Rd2 {[#]} e4 $1 24. Rhd1 (24. Bxe4 Rxd2) 24... f5 25. Bxe6 Rxd2 26. Rxd2 Kxe6 $17 {[%mdl 4096] Endgame KRN-KR} 27. Rd6+ Ke7 $1 28. Rd5 g6 29. h4 $2 (29. h3) 29... axb4 $19 30. axb4 Rd8 $1 31. b5 $2 (31. Ka4) 31... Rxd5 $1 32. cxd5 {KN-KP} Ne5 33. b6 Kd7 34. Kb4 Nd3+ 35. Kb5 Nxf2 36. c6+ Kc8 $1 37. d6 bxc6+ 38. Kxc6 Nd3 39. d7+ Kd8 40. Kd6 Nb4 41. g3 Na6 42. h5 g5 43. Ke5 {[#]} f4 $1 {[%cal Rf4g3]} 44. gxf4 {[#]} (44. exf4 e3) 44... g4 $1 {[%cal Rg4g3] Black mates.} 45. f5 g3 46. f6 Kxd7 {Accuracy: White = 34%, Black = 82%.} 0-1

[Event "POL-chT DMP Ekstraliga 2019"]
[Site "Katowice"]
[Date "2019.09.05"]
[Round "9.27"]
[White "Socko, Bartosz"]
[Black "Markowski, Tomasz"]
[Result "1-0"]
[WhiteElo "2625"]
[BlackElo "2537"]
[Annotator "TA"]
[PlyCount "63"]
[EventDate "2019.08.28"]
[EventType "team-tourn"]
[EventCountry "POL"]
[SourceTitle "playchess.com"]
[Source "ChessBase"]
[SourceQuality "1"]

{[%evp 9,63,-2,8,-2,0,-6,10,5,4,7,48,22,31,19,49,36,58,25,15,0,0,0,29,0,0,33,35,0,33,43,43,36,46,77,35,0,147,152,148,134,200,159,170,164,164,122,204,193,202,202,461,470,806,814,912,910]} 1. d4 Nf6 2. c4 e6 3. Nf3 b6 4. Bf4 Bb4+ 5. Nfd2 Nh5 6. Bg3 {E12: Queen's Indian: Unusual White 4th moves, 4 a3, 4 Nc3 Bb7 5 a3 and 4 Nc3 Bb7} Bb7 7. a3 Be7 8. Nc3 {The position is equal.} d6 9. e3 Nxg3 $146 ({Predecessor:} 9... g6 10. d5 Nd7 11. Qc2 Nxg3 12. hxg3 Bf6 {1-0 (44) Fressinet,L (2708)-Grischuk,A (2785) Elancourt 2013}) 10. hxg3 Nd7 11. Qc2 g6 12. O-O-O a6 13. Rh2 c5 14. Be2 cxd4 15. exd4 Qc7 16. Kb1 Rc8 17. Qd3 h5 18. Bf3 Bxf3 19. gxf3 Nf6 20. d5 exd5 21. cxd5 b5 22. g4 h4 {[#]} (22... Kf8 $11) 23. g5 $1 $16 Nh5 24. Qd4 ({Much worse is} 24. Rxh4 $6 Bxg5 25. Rhh1 Kf8 $11) 24... Rh7 (24... Rg8 $16 {was worth a try.}) 25. Qxh4 Qd7 26. Re1 Kf8 {[#]} 27. Qg4 $1 $36 {[%cal Rg4d7][%mdl 2048] White is really pushing.} Rc7 (27... Qxg4 $16 28. fxg4 Bxg5) 28. Nde4 $18 Kg7 29. Reh1 Rh8 $2 {[#]} (29... Qc8 30. Ne2 Rc4) 30. Nf6 $1 {[%mdl 512] White is clearly winning.} Bxf6 (30... Qxg4 $142 31. fxg4 Bxf6 32. gxf6+ Kxf6 33. gxh5 gxh5 34. Rxh5 Rxh5 35. Rxh5 Rc4) 31. gxf6+ Kg8 32. Qg5 {Accuracy: White = 72%, Black = 34%.} 1-0

[Event "POL-chT DMP Ekstraliga 2019"]
[Site "Katowice"]
[Date "2019.09.05"]
[Round "9.28"]
[White "Nasuta, Grzegorz"]
[Black "Gajewski, Grzegorz"]
[Result "1-0"]
[WhiteElo "2533"]
[BlackElo "2613"]
[Annotator "TA"]
[PlyCount "77"]
[EventDate "2019.08.28"]
[EventType "team-tourn"]
[EventCountry "POL"]
[SourceTitle "playchess.com"]
[Source "ChessBase"]
[SourceQuality "1"]

{[%evp 13,77,6,28,9,11,8,11,6,6,10,11,12,18,5,6,14,29,39,27,27,42,30,34,3,23,8,89,32,53,26,25,0,25,28,72,66,69,38,37,35,42,30,63,47,73,73,66,63,90,88,99,85,239,233,247,0,85,0,236,240,216,240,474,468,463,464]} 1. e4 e5 2. Nf3 Nc6 3. Bc4 Bc5 4. O-O Nf6 5. d3 d6 6. c3 a6 7. a4 h6 8. Re1 {C54: Giuoco Piano: 4 c3 Nf6, main lines with 5 d4 and 5 d3} O-O 9. Nbd2 {[%cal Bb1d2,Bd2f1,Bf1g3][%mdl 32]} a5 10. h3 {The position is equal.} Be6 11. b3 Re8 $146 ({Predecessor:} 11... d5 12. exd5 Nxd5 13. Ne4 Bb6 14. Ra2 f5 15. Ng3 Qf6 16. Nxe5 Nxe5 {½-½ (40) Ding,L (2813)-Anand,V (2773) Wijk aan Zee 2019}) 12. Bb5 Bd7 13. Nf1 Ne7 14. Bxd7 Qxd7 15. Ng3 Ng6 16. d4 Bb6 17. Be3 exd4 18. Bxd4 Bxd4 19. cxd4 c5 (19... d5 $11) 20. dxc5 (20. d5 $16) 20... dxc5 $14 21. Qxd7 Nxd7 22. Rad1 Rad8 23. Nf5 Nde5 {[#]} 24. Nxe5 $1 Nxe5 25. f3 Nc6 26. Kf1 Kf8 27. Rd5 Nb4 28. Rd6 g6 29. Red1 Rxd6 30. Nxd6 $16 {[%mdl 4096] Endgame KRN-KRN} Rd8 31. Ke2 Na2 {...Nc3+ is the strong threat.} 32. Ke1 Nc3 $2 (32... Rb8 $16) 33. Rd2 $18 Nb1 34. Rd1 $2 (34. Rd5 $18) 34... Nc3 $16 {[#]} 35. Rd2 $2 (35. Rd3 $1 $16) 35... Nb1 $1 $18 {[%cal Rb1d2]} 36. Rd5 Nc3 37. Nxb7 Rb8 $2 (37... Rxd5 38. exd5 Nxd5 39. Nxa5 Ke7) 38. Rd8+ Rxd8 39. Nxd8 {Accuracy: White = 65%, Black = 48%.} 1-0